|
|
|
|
| LEADER |
00000ny a22000003n 4500 |
| 005 |
20110509134122.0 |
| 008 |
080806s2001 sp r s 000 a0spa c |
| 035 |
|
|
|a 52
|
| 040 |
|
|
|a UMA.RE
|d vlex
|
| 080 |
|
|
|a 349.2(0.034)
|
| 090 |
|
|
|c 517
|d 517
|
| 100 |
1 |
|
|a Sagardoy, Juan Antonio
|
| 245 |
1 |
0 |
|a Dossiers Practicos Sagardoy
|h [Recurso electrn̤ico]
|c Juan Antonio Sagardoy, Rosario Cristb̤al Roncero
|
| 256 |
|
|
|a Servicio en ln̕ea
|
| 260 |
|
|
|a [Madrid] :
|b Sagardoy & Abogados,
|c 2001-
|
| 506 |
1 |
|
|a Contenido solo disponible en los productos indicados
|d vLex Global
|d vLex Global (Academic Edition, excluding Law Schools)
|d vLex Global (U.S. Academic Edition, Law Schools)
|d vLex Global (U.S. Academic Edition, excluding Law Schools)
|d vLex Global (Academic Edition, Law Schools)
|
| 650 |
0 |
7 |
|2 Tesauro vLex
|a Procesal
|
| 650 |
0 |
7 |
|2 Tesauro vLex
|a Seguridad social
|
| 650 |
0 |
7 |
|2 Tesauro vLex
|a Libertad sindical
|
| 650 |
0 |
7 |
|2 Tesauro vLex
|a Jubilacin̤
|
| 650 |
0 |
7 |
|2 Tesauro vLex
|a Derechos de los extranjeros
|
| 650 |
0 |
7 |
|2 Tesauro vLex
|a Derechos de los extranjeros
|
| 650 |
0 |
7 |
|2 Tesauro vLex
|a Extranjeros
|
| 650 |
0 |
7 |
|2 Tesauro vLex
|a Jubilacin̤ forzosa
|
| 651 |
0 |
7 |
|2 Tesauro vLex
|a Contrato de trabajo
|
| 700 |
1 |
|
|a Cristobal Roncero, Rosario
|
| 710 |
2 |
|
|a Sagardoy & Abogados (Firma)
|
| 740 |
0 |
|
|a vLex Libros (Servicios en ln̕ea)
|
| 856 |
4 |
0 |
|z Acceso restringido
|u http://vlex.com/source/dossiers-practicos-sagardoy-52
|
| 942 |
|
|
|c BOOK
|
| 999 |
0 |
|
|a Procedure (Law)
|b Madrid
|